Countries by Two Borders #2 - Statistics

General Stats
  • This quiz has been taken 56 times
  • The average score is 15 of 15
Answer Stats
Border Country Border % Correct
Spain France Germany
100%
Jordan Iraq Kuwait
100%
Malaysia Thailand Myanmar
100%
Russia Ukraine Romania
100%
Turkey Greece Albania
98%
El Salvador Guatemala Belize
98%
Pakistan Iran Armenia
98%
Brunei Malaysia Indonesia
98%
Morocco Spain Andorra
98%
Libya Chad Cameroon
96%
Guyana Venezuela Colombia
96%
Ukraine Hungary Croatia
94%
Kazakhstan Uzbekistan Afghanistan
94%
Slovenia Austria Slovakia
93%
Eswatini Mozambique Tanzania
93%
No matching quizzes found
Score Distribution
Percent of People with Each Score
Percentile by Number Answered
Your Score History
You have not taken this quiz